000 00614nam a2200217Ia 4500
005 20250508164007.0
008 008 250505s9999 xx 000 0 eng d
020 _a0-415-23165-5
037 _aTextual
040 _aFEDL
_beng
_cFEDL
041 _aeng
_2eng
084 _a379.2, BRO
_qFEDL
100 _aBrown Ken
_9505283
245 0 _aRight to learn : Alternatives for a learning society
260 _aLondon, UK
_bRoutledge Falmer
_c2002
300 _aix,201p.
365 _aGBP
_b18.99
650 _aRight to education
_9776987
942 _cTEXL
_h379.2, BRO
999 _c1386466
_d1386466